000 00424nam a22001697a 4500
005 20180811113038.0
008 160618b xxu||||| |||| 00| 0 eng d
020 _a81-242-0268-0
041 _aeng
082 _b8158
_a658.3124
100 _aRAE, LESLIE
_91809
245 _aThe Art of Training and Development in Mgt.(VOL-1)
260 _bKogan Pages
_c2002
300 _a210p,
650 _aManagement
_9241
942 _cBK
999 _c3112
_d3111